3-Letter Europe Quiz Stats

 Plays Quiz Updated Feb 20, 2018

Challenge
Share
Tweet
Embed
Score 0/47 Timer 07:00
6 Plays Today
Unique 3 Letter Sequence European Country % Correct
SPASpain
93%
USSRussia
90.8%
FINFinland
88.6%
WAYNorway
86.8%
ALYItaly
74.9%
ULGBulgaria
73.7%
ANYGermany
72.9%
WITSwitzerland
71.4%
URKTurkey
70.8%
ERBSerbia
68.9%
OLDMoldova
67.3%
OLAPoland
67%
ELGBelgium
66.2%
WEDSweden
64.4%
OVOKosovo
63.7%
VIALatvia
63.4%
REEGreece
62.6%
ARKDenmark
62.6%
ZECCzechia
55.7%
TIACroatia
55.6%
ETHNetherlands
54%
RELIreland
53.2%
EINLiechtenstein
52.7%
ORRAndorra
51.9%
Unique 3 Letter Sequence European Country % Correct
MALMalta
51.6%
ARYHungary
51.3%
TUGPortugal
51.2%
RANFrance
50.8%
THULithuania
48.9%
TEDUnited Kingdom
48.4%
OMARomania
46.9%
AKISlovakia
46.8%
NEGMontenegro
45.7%
ACEMacedonia
45.3%
ARUBelarus
43.9%
BANAlbania
41.9%
TRIAustria
38.9%
CELIceland
36.7%
TONEstonia
36.3%
PRUCyprus
36%
OURLuxembourg
34.1%
CANVatican City
33.5%
NACMonaco
31.1%
ENISlovenia
29.3%
INEUkraine
28.5%
EGOBosnia and Herzegovina
25.4%
RINSan Marino
23.4%

You're not logged in!

Compare scores with friends on all Sporcle quizzes.
OR
Log In

You Might Also Like...

Show Comments

Extras

Top Quizzes Today


Score Distribution

Your Account Isn't Verified!

In order to create a playlist on Sporcle, you need to verify the email address you used during registration. Go to your Sporcle Settings to finish the process.

Report this User

Report this user for behavior that violates our Community Guidelines.

Details: